000
00261nam a2200097Ia 4500
008
241105s9999 xx 000 0 und d
041
_a
eng
100
_a
Gupta R.
_9
108128
245
_a
Residential School Of Architecture
260
_b
Final Year B. Arch, BNCA
_c
2005
999
_c
360248
_d
360248